000 00292nam a2200109Ia 4500
008 190919s9999||||xx |||||||||||||| ||und||
100 _aBusiness & Expanded
245 0 _aAmeena Saiyid a fountain of Knowledge
260 _aKarachi
_bBusiness & Expanded
_c2000
300 _a722
942 _cBK
999 _c10955
_d10955